| 000 | 01409nam a2200361Ia 4500 | ||
|---|---|---|---|
| 001 | ebr10587003 | ||
| 003 | CaPaEBR | ||
| 006 | m u | ||
| 007 | cr cn||||||||| | ||
| 008 | 060111s2006 gw a sb 001 0 eng d | ||
| 010 | _z 2006000852 | ||
| 020 | _z3131405619 (alk. paper) | ||
| 020 | _z1588904490 (alk. paper) | ||
| 020 | _z9781588904492 | ||
| 020 | _z9783131614018 | ||
| 040 |
_aCaPaEBR _cCaPaEBR |
||
| 035 | _a(OCoLC)811403715 | ||
| 050 | 1 | 4 |
_aRC951 _b.E4413 2006eb |
| 082 | 0 | 4 |
_a617.5/820754 _222 |
| 130 | 0 |
_aEffiziente Kniebildgebung. _lEnglish. |
|
| 245 | 1 | 0 |
_aImaging strategies for the knee _h[electronic resource] / _c[edited by] Juergen Maeurer ; with contributions by M. Breitenseher ... [et al.]. |
| 260 |
_aStuttgart ; _aNew York : _bThieme, _cc2006. |
||
| 300 |
_aix, 212 p. : _bill. |
||
| 504 | _aIncludes bibliographical references (p. 203) and index. | ||
| 533 |
_aElectronic reproduction. _bPalo Alto, Calif. : _cebrary, _d2011. _nAvailable via World Wide Web. _nAccess may be limited to ebrary affiliated libraries. |
||
| 650 | 0 |
_aKnee _xImaging. |
|
| 650 | 0 |
_aKnee _xPathophysiology. |
|
| 650 | 0 |
_aKnee _xDiseases _xDiagnosis. |
|
| 655 | 7 |
_aElectronic books. _2local |
|
| 700 | 1 | _aMaeurer, Juergen. | |
| 710 | 2 | _aebrary, Inc. | |
| 856 | 4 | 0 |
_uhttp://site.ebrary.com/lib/rucke/Doc?id=10587003 _zAn electronic book accessible through the World Wide Web; click to view |
| 999 |
_c211724 _d211724 |
||